000 00966nam a2200265 i 4500
001 168980
003 ES-MaACL
005 20250830111649.0
008 080710s1952 sp f |||| | spa d
080 _a321:282(44)
080 _a304:282(44)
100 1 _aRoger Riviere, Juan.
_998939
245 1 3 _aEl catolicismo liberal en Francia /
_cJuan Roger Riviere.
260 _aMadrid :
_bAteneo,
_c1952.
300 _a60 p. :
_b1 lám. ;
_c19 cm.
490 1 _aColección "O crece o muere" ;
_v32
500 _aEl original corresponde al ciclo del Ateneo de Madrid sobre "El catolicismo en la cultura europea de hoy" (enero 1951-1952)
610 2 4 _aAteneo de Madrid-
_vConferencias-
_y1940-1982.
_91908
610 2 7 _aIglesia Católica-
_zFrancia
_2
_9159716
650 7 _aLiberalismo (Religión)
_2embne
_9150500
830 1 0 _aColección "O crece o muere"
_v32
_9183476
852 _aES-MaACL
_jJ-24 (32)
852 _aES-MaACL
_jJ-25 (32)
999 _c168980
_d168980